000 00670nam a2200205 i 4500
001 149945
003 ES-MaACL
005 20230906203323.0
007 t|
008 071025s1952 sp ||||1| spa d
100 1 _aVander, Adrianus.
_9113059
245 1 0 _aEstómago e intestinos
_b: curación de sus enfermedades /
_cA. Vander.
250 _aNueva edición.
260 _aBarcelona :
_bVander,
_c[1952]
300 _a160 p., 16 lám. ;
_c18 cm.
650 4 _aEstómago-
_xEnfermedades-
_xTratamiento.
_9166044
650 4 _aIntestinos-
_xEnfermedades-
_xTratamiento.
_9166045
650 4 _aDietas de adelgazamiento.
_9166046
852 _aES-MaACL
_jC-14460
_bR.42095
999 _c149945
_d149945